00685nam a2200229 a 4500001001300000003000900013005001700022008004100039020002300080082001400103100001900117245004200136260003700178300000900215500003500224650001800259700001900277902000800296942000700304952012700311999001700438nice12345678IN_TiNIC20260116014347.0100329s2007 seca grp 000 0 eng  a9788173628511c27500a225bPHI3 aPhillips, John aExploring People of the New Testament aSec-Bad bAuthentic Books c2007 a430p aincludes index and biblioraphy aNew Testament1 aPhillips, John bSRS cBK 001040708StackRoom-aHMIbHMId2010-04-13g275.00l1o225 PHI3p023239r2022-07-05s2022-06-28v275.00w2010-03-29yBK c14979d14979